| 000 | 00512nam a22001937a 4500 | ||
|---|---|---|---|
| 005 | 20210419120040.0 | ||
| 008 | 210419b ||||| |||| 00| 0 eng d | ||
| 040 | _cOCLC | ||
| 082 |
_a350 _bDAS |
||
| 100 |
_aDas, Dwipen _eAuthor |
||
| 245 |
_aLoka Prashasan _hAssamese |
||
| 250 | _a1st ed | ||
| 260 |
_aJorhat _bUnika prakashan _c2012 |
||
| 300 |
_a403 p ; _c21 cm |
||
| 700 |
_aBordoloi, Dr Plabita _eAuthor |
||
| 700 |
_aSaikia, Dr. Dwipen _eAuthor |
||
| 700 |
_aDas,Swarnajyoti _eAuthor |
||
| 942 |
_2ddc _cBK |
||
| 999 |
_c24618 _d24618 |
||